[Event "96th DEN-ch"]
[Site "Skoerping DEN"]
[Date "2017.04.14"]
[Round "7"]
[White "Rasmussen, Karsten"]
[Black "Antonsen, Mikkel"]
[WhiteElo "2449"]
[BlackElo "2447"]
[Result "1/2-1/2"]
[EventDate "2017.04.08"]
[PlyCount "84"]

1. d4 Nf6 2. c4 e6 3. Nf3 d5 4. Nc3 Be7 5. Bf4 O-O 6. e3 c5 7. dxc5 Bxc5 8. Be2
dxc4 9. Qxd8 Rxd8 10. Bxc4 a6 11. Ke2 b5 12. Rhd1 Rxd1 13. Rxd1 Nbd7 14. Bb3
Bb7 15. g4 Nf8 16. g5 Ne8 17. h4 Rc8 18. h5 Be7 19. Ne5 Nc7 20. Nd7 Ne8 21. Ne5
Rd8 22. Rg1 Nd6 23. h6 gxh6 24. gxh6+ Ng6 25. f3 b4 26. Na4 Nf5 27. Nxg6 hxg6
28. Rc1 a5 29. Rc7 Ba6+ 30. Bc4 Bxc4+ 31. Rxc4 Kh7 32. Rc7 g5 33. Be5 Re8 34.
Nb6 Nxh6 35. Nc4 Kg6 36. Nxa5 Ra8 37. Nc6 Bf8 38. Ra7 Rc8 39. Rc7 Ra8 40. Ra7
Rc8 41. Rc7 Ra8 42. Ra7 Rc8 1/2-1/2

[Event "96th DEN-ch"]
[Site "Skoerping DEN"]
[Date "2017.04.15"]
[Round "8"]
[White "Antonsen, Mikkel"]
[Black "Rasmussen, Allan Stig"]
[WhiteElo "2447"]
[BlackElo "2533"]
[Result "0-1"]
[EventDate "2017.04.08"]
[PlyCount "126"]

1. d4 Nf6 2. Nf3 e6 3. c4 d5 4. Nc3 Bb4 5. cxd5 exd5 6. Bg5 h6 7. Bh4 Nbd7 8.
Nd2 c6 9. e3 Nf8 10. Bd3 Ng6 11. Bg3 O-O 12. Qc2 Nh5 13. Bxg6 fxg6 14. Qxg6
Nxg3 15. hxg3 Bf5 16. Qh5 Bd3 17. Qd1 Ba6 18. Nf3 Rc8 19. a3 Ba5 20. b4 Bc7 21.
g4 Qd7 22. Ne5 Qe6 23. f4 Bxe5 24. fxe5 Rf7 25. Kd2 Rcf8 26. Re1 Rf2+ 27. Kc1
Bc4 28. Rb1 Qg6 29. Rb2 Rxb2 30. Kxb2 Rf2+ 31. Kc1 Rxg2 32. e4 Qf7 33. Nb1 Qf2
34. Qd2 Qg3 35. Qe3 dxe4 36. Nd2 Bd5 37. Qxg3 Rxg3 38. Nxe4 Bxe4 39. Rxe4 Kf7
40. Rf4+ Ke7 41. Kb2 b5 42. Ka2 Ke6 43. Kb2 a6 44. Re4 Rf3 45. Ka2 Rf7 46. g5
hxg5 47. Rg4 Rf2+ 48. Kb3 Rf3+ 49. Kc2 Kf5 50. Rg1 g4 51. Re1 Ke6 52. Re4 Rg3
53. Kd2 g5 54. Re3 Rh3 55. Ke2 g3 56. Rf3 Kd5 57. Kf1 Kxd4 58. Kg2 Rh2+ 59.
Kxg3 Re2 60. Rf6 Kxe5 61. Rxc6 Re3+ 62. Kg4 Rxa3 63. Kxg5 Ra4 0-1

[Event "96th DEN-ch"]
[Site "Skoerping DEN"]
[Date "2017.04.15"]
[Round "8"]
[White "Sylvan, Jacob"]
[Black "Thybo, Jesper Soendergaard"]
[WhiteElo "2425"]
[BlackElo "2437"]
[Result "0-1"]
[EventDate "2017.04.08"]
[PlyCount "100"]

1. d4 Nf6 2. c4 e6 3. Nf3 c5 4. e3 d5 5. Nc3 Nc6 6. a3 cxd4 7. exd4 Be7 8. Bd3
dxc4 9. Bxc4 O-O 10. O-O b6 11. Qd3 Bb7 12. Rd1 Qd6 13. Bg5 Rfd8 14. Ba2 Rac8
15. Rac1 Qb8 16. Qe3 h6 17. Bf4 Bd6 18. Bxd6 Qxd6 19. d5 exd5 20. Nxd5 Nxd5 21.
Rxd5 Qf6 22. Rxd8+ Rxd8 23. Qb3 Na5 24. Qc3 Qxc3 25. bxc3 Bxf3 26. gxf3 Rd2 27.
Bb1 g5 28. c4 Rb2 29. Be4 Nb3 30. Rc3 Nd4 31. Kg2 Ne2 32. Re3 Kg7 33. h4 gxh4
34. Kh3 Nf4+ 35. Kg4 Ne6 36. Bd5 Kf6 37. Kxh4 Rxf2 38. Kg3 Rc2 39. Re4 Ng7 40.
Kf4 Rc3 41. a4 Ra3 42. Bc6 Nf5 43. Re8 Nd4 44. Bb5 Nxf3 45. Ra8 Ng5 46. Rxa7
Rf3+ 47. Kg4 Kg6 48. Bd7 h5+ 49. Kh4 f5 50. Bxf5+ Kxf5 0-1

[Event "96th DEN-ch"]
[Site "Skoerping DEN"]
[Date "2017.04.15"]
[Round "8"]
[White "Teplyi, Igor"]
[Black "Hansen, Mads"]
[WhiteElo "2438"]
[BlackElo "2444"]
[Result "1/2-1/2"]
[EventDate "2017.04.08"]
[PlyCount "73"]

1. c4 c6 2. e4 d5 3. exd5 cxd5 4. cxd5 Nf6 5. Nc3 g6 6. Bc4 Bg7 7. Nge2 O-O 8.
O-O b6 9. Re1 Bb7 10. Qb3 Na6 11. d4 Nc7 12. Bg5 Ncxd5 13. Nxd5 Bxd5 14. Nc3
Bxc4 15. Qxc4 Qd7 16. Rad1 Rac8 17. Qb3 Rfd8 18. h3 h6 19. Bh4 Qb7 20. Bg3 Rd7
21. Be5 Rcd8 22. Qc4 Nd5 23. Ne4 Ne3 24. fxe3 Qxe4 25. Bxg7 Kxg7 26. Rc1 e5 27.
dxe5 Qxe5 28. Qc3 Qxc3 29. Rxc3 Rd2 30. Rc7 R8d6 31. Rf1 Rf6 32. Rxf6 Kxf6 33.
Rxa7 Rxb2 34. a4 h5 35. a5 bxa5 36. Rxa5 h4 37. Kf1 1/2-1/2

[Event "96th DEN-ch"]
[Site "Skoerping DEN"]
[Date "2017.04.16"]
[Round "9"]
[White "Andersen, Mads"]
[Black "Sylvan, Jacob"]
[WhiteElo "2565"]
[BlackElo "2425"]
[Result "1-0"]
[EventDate "2017.04.08"]
[PlyCount "109"]

1. Nf3 d5 2. g3 Nf6 3. Bg2 e6 4. O-O Be7 5. c4 O-O 6. d4 dxc4 7. Ne5 c5 8. dxc5
Qc7 9. Nxc4 Qxc5 10. b3 Rd8 11. Nbd2 Nc6 12. Ba3 Qh5 13. Bxe7 Nxe7 14. e4 Qxd1
15. Rfxd1 Bd7 16. e5 Nfd5 17. Ne4 b6 18. Ncd6 Bc6 19. Rac1 Rab8 20. Ng5 Be8 21.
Bh3 Nb4 22. Rc7 Nbc6 23. f4 h6 24. Nf3 Kf8 25. Rc1 Nb4 26. Rxa7 Nc8 27. Nxc8
Rbxc8 28. Rxc8 Rxc8 29. Bf1 Rc1 30. a4 Nd5 31. Kf2 Rc2+ 32. Be2 Nc3 33. Nd4 Rb2
34. Rb7 Nxe2 35. Nxe2 Rxb3 36. a5 b5 37. a6 Ra3 38. a7 b4 39. Nd4 b3 40. Nxb3
Bc6 41. Rc7 Bd5 42. Nc5 g5 43. h4 gxh4 44. gxh4 h5 45. Nd7+ Kg7 46. Nb6 Kg6 47.
Nxd5 exd5 48. Ke2 d4 49. Kd2 Kf5 50. Rxf7+ Ke4 51. e6 Ra2+ 52. Kc1 d3 53. Rd7
d2+ 54. Rxd2 Rxa7 55. e7 1-0

[Event "96th DEN-ch"]
[Site "Skoerping DEN"]
[Date "2017.04.16"]
[Round "9"]
[White "Hansen, Mads"]
[Black "Ochsner, Bjoern Moeller"]
[WhiteElo "2444"]
[BlackElo "2433"]
[Result "1-0"]
[EventDate "2017.04.08"]
[PlyCount "107"]

1. e4 c5 2. Nf3 d6 3. d4 cxd4 4. Nxd4 Nf6 5. Nc3 a6 6. h3 e5 7. Nde2 h5 8. Bg5
Be6 9. Bxf6 Qxf6 10. Nd5 Qd8 11. Qd3 Nd7 12. O-O-O g6 13. Kb1 Nc5 14. Qf3 Bg7
15. Nec3 b5 16. Be2 Rb8 17. a3 Bd7 18. g4 h4 19. Rhg1 a5 20. b4 axb4 21. axb4
Ne6 22. Qe3 Rb7 23. Kb2 Bh6 24. Qd3 Bg5 25. Ra1 O-O 26. Ra6 Qb8 27. Rxd6 Kg7
28. Ra6 Rc8 29. Rga1 Bc6 30. Bf1 Nd4 31. Ra8 Qxa8 32. Rxa8 Rxa8 33. f4 Bxd5 34.
Nxd5 Bd8 35. fxe5 Ne6 36. Qc3 Bg5 37. Kb1 Kh6 38. Qb2 Rc8 39. Qa3 Nd4 40. Bd3
Rcb8 41. Qa6 Ne6 42. Kb2 Bd2 43. c3 Be1 44. g5+ Kh7 45. Be2 Bg3 46. Bg4 Nxg5
47. Bc8 Rxc8 48. Qxb7 Rh8 49. e6 Be5 50. e7 Ne6 51. Qxb5 Ng7 52. Qf1 f5 53.
exf5 gxf5 54. Qe2 1-0

[Event "96th DEN-ch"]
[Site "Skoerping DEN"]
[Date "2017.04.16"]
[Round "9"]
[White "Rasmussen, Allan Stig"]
[Black "Carstensen, Jacob"]
[WhiteElo "2533"]
[BlackElo "2381"]
[Result "1-0"]
[EventDate "2017.04.08"]
[PlyCount "47"]

1. e4 c5 2. Nf3 d6 3. Bb5+ Nd7 4. O-O Ngf6 5. Re1 a6 6. Bd3 b5 7. c4 Ne5 8. Bf1
Nxc4 9. a4 Bd7 10. d4 cxd4 11. Nxd4 e5 12. axb5 axb5 13. Rxa8 Qxa8 14. Nxb5
Bxb5 15. Nc3 Bc6 16. Bxc4 Be7 17. Bg5 Nxe4 18. Bxe7 Kxe7 19. Nd5+ Bxd5 20. Bxd5
Nxf2 21. Kxf2 Qa7+ 22. Kf1 Rb8 23. b3 Rb4 24. Bc4 1-0

[Event "96th DEN-ch"]
[Site "Skoerping DEN"]
[Date "2017.04.16"]
[Round "9"]
[White "Rasmussen, Karsten"]
[Black "Teplyi, Igor"]
[WhiteElo "2449"]
[BlackElo "2438"]
[Result "1/2-1/2"]
[EventDate "2017.04.08"]
[PlyCount "109"]

1. d4 Nf6 2. c4 e6 3. Nf3 d5 4. Nc3 Bb4 5. Bg5 h6 6. Bxf6 Qxf6 7. Qb3 c5 8.
cxd5 exd5 9. a3 Bxc3+ 10. Qxc3 Nd7 11. g3 O-O 12. Bg2 b6 13. O-O Bb7 14. Rfc1
Qe6 15. dxc5 bxc5 16. b4 d4 17. Qd2 Bxf3 18. Bxf3 Rac8 19. bxc5 Nxc5 20. Qb4 a5
21. Qb5 Ne4 22. Rxc8 Rxc8 23. Qxa5 Nc3 24. Qb4 Qe5 25. Kg2 Rb8 26. Qc4 Rb2 27.
Re1 g6 28. Qd3 Ra2 29. e3 Rxa3 30. Qxd4 Qxd4 31. exd4 Nb5 32. d5 Kf8 33. Rb1
Ra5 34. g4 Ke7 35. Rb4 Nd6 36. h4 Rb5 37. Ra4 Kf6 38. Ra8 Rb6 39. Rh8 Kg7 40.
Rd8 Kf6 41. Rd7 Ke5 42. Kg3 Rb3 43. Re7+ Kf6 44. Re1 Kg7 45. Kg2 Kf6 46. Rh1
Rc3 47. Ra1 g5 48. hxg5+ hxg5 49. Re1 Ra3 50. Kg3 Rc3 51. Kg2 Ra3 52. Re2 Rc3
53. Re1 Ra3 54. Kg3 Rc3 55. Re2 1/2-1/2

[Event "96th DEN-ch"]
[Site "Skoerping DEN"]
[Date "2017.04.16"]
[Round "9"]
[White "Thybo, Jesper Soendergaard"]
[Black "Antonsen, Mikkel"]
[WhiteElo "2437"]
[BlackElo "2447"]
[Result "1/2-1/2"]
[EventDate "2017.04.08"]
[PlyCount "107"]

1. Nf3 d5 2. c4 e6 3. g3 Nf6 4. Bg2 Be7 5. O-O O-O 6. d4 dxc4 7. Qc2 a6 8. a4
Bd7 9. Rd1 Bc6 10. Nc3 Bxf3 11. Bxf3 Nc6 12. Bxc6 bxc6 13. Bg5 Rb8 14. e3 c5
15. Rab1 Nd5 16. Bxe7 Qxe7 17. Na2 Rb6 18. Qxc4 cxd4 19. Rxd4 Rfb8 20. Qc2 h6
21. Rc4 Qf6 22. b3 Qf3 23. Nc3 Nb4 24. Qe4 Qxe4 25. Nxe4 Nd5 26. Nc5 f5 27. Rd1
Nf6 28. Nd7 Nxd7 29. Rxd7 R8b7 30. Rcxc7 Rxc7 31. Rxc7 Rxb3 32. Rc6 Kf7 33.
Rxa6 Ra3 34. Kg2 g5 35. h3 h5 36. g4 hxg4 37. hxg4 f4 38. exf4 gxf4 39. a5 e5
40. Ra8 e4 41. a6 e3 42. fxe3 fxe3 43. Kf3 Kg7 44. Ke2 Kh7 45. a7 Kg7 46. g5
Kh7 47. g6+ Kg7 48. Kf3 e2+ 49. Kxe2 Ra4 50. Kd3 Ra5 51. Kc4 Ra1 52. Kb3 Ra6
53. Kb4 Ra1 54. Kb3 1/2-1/2